La Shayandera : (Record no. 22804)

000 -CABECERA
fixed length control field 00751nam a22001937i 4500
003 - IDENTIFICADOR DEL NÚMERO DE CONTROL
control field AR-CdUCM
008 - DATOS DE LONGITUD FIJA--INFORMACIÓN GENERAL
fixed length control field 240319b20232023pe ||||| |||| 00| 0 spa d
020 ## - NÚMERO INTERNACIONAL ESTÁNDAR DEL LIBRO
ISBN 978-612- 5048-43-1
040 ## - FUENTE DE LA CATALOGACIÓN
Agencia/entidad que catalogó originalmente la obra MUNICIPALIDAD PROVINCIAL DEL CUSCO
Entidad que transcribió la catalogación BIBLIOTECA MUNICIPAL DEL CUSCO
082 ## - NÚMERO DE LA CLASIFICACIÓN DECIMAL DEWEY
No. de la edición Tercera edición
No. de Clasificación 869.56 / M253S
Notacion interna M253S
100 ## - ENTRADA PRINCIPAL--NOMBRE DE PERSONA
Nombre Personal Maquén Gamarra, José Félix
245 ## - MENCIÓN DE TÍTULO
Título La Shayandera :
Resto del título Relatos y estampas de mi pueblo /
260 ## - PUBLICACIÓN, DISTRIBUCIÓN, ETC.
Lugar de publicación, distribución, etc. Morales-San Martín :
Nombre de la editorial, distribuidor, etc. TRAZOS Consultores - Editores E.I.R.L.,
Fecha de publicación, distribución, etc. 2023
300 ## - DESCRIPCIÓN FÍSICA
Nº de Páginas Extensión 79 páginas. :
Dimensiones 21 cm.
505 ## - NOTA DE CONTENIDO CON FORMATO
Nota de contenido formateada Quebrada Catahuayco -- Mi flaquita -- Ahora ¿Cómo me ves? -- La burla del Supay -- Comerciantes de sapos
942 ## - ELEMENTOS DE PUNTO DE ACCESO ADICIONAL (KOHA)
Fuente de clasificación
Tipo de item Libros-BMC
945 ## - PROCESAMIENTO DE INFORMACIÓN LOCAL (OCLC)
Catalogador pbj
AAAA-MM-DD - Fecha de ingreso o modificacion 19-03-2024
Holdings
Estado de retiro (separado) Fuente de clasificación o esquema de estanterías Estado dañado Ubicación Sala donde se ubica Nombre de la colección Fecha de adquisición o compra Fuente de adquisición Costo, precio normal en soles Signatura topográfica Código de Barras Última vez visto (Koha) Tipo de ítem (Koha)
No     Sala Humanidades Sala Humanidades Book Cart 2024-03-19 Donación 10.00 869.56 / M253S SH0000016629 2024-03-19 Libros-BMC
No     Sala Humanidades Sala Humanidades Book Cart 2024-03-19 Donación 10.00 869.56 / M253S / e.2 SH0000016630 2024-03-19 Libros-BMC

Powered by Koha